| 000 | 00798nam a22002177a 4500 | ||
|---|---|---|---|
| 005 | 20230530081133.0 | ||
| 008 | 230303b enk||||| |||| 00| 0 eng d | ||
| 020 | _a084769710X (alk. paper) | ||
| 020 | _a0847697118 (pbk. alk. paper) | ||
| 050 | 0 | 4 |
_aKF4772 _bF74 2000 |
| 245 | 0 | 0 |
_aFreedom of expression in the Supreme Court _b : the defining cases _c / edited by Terry Eastland. |
| 250 | _a1a ed. | ||
| 260 |
_aOxford, Ingland : _bRowman & Littlefield publishers, _c2000 |
||
| 300 |
_axxix, 397 p. ; _c25 cm. |
||
| 500 | _aIncluye apéndice e índice | ||
| 650 | 7 |
_2lemb _aLibertad de expresión _xCasos _zEstados Unidos |
|
| 650 | 7 |
_2lemb _aLibertad de prensa _xCasos _zEstados Unidos |
|
| 650 | 4 |
_aCorte suprema _xCasos _zEstados Unidos |
|
| 700 |
_aEastland, Terry, _eeditor |
||
| 942 |
_2lcc _cLIB |
||
| 999 |
_c59588 _d59588 |
||